000 00502 a2200181 4500
005 20260319131901.0
008 260319b |||||||| |||| 00| 0 eng d
020 _a9781035300556
040 _cSDCL
041 _2eng
_aeng
084 _aX71 R4
245 _aFiscal Policy in a Turbulent Era :
_bTectonic Shifts
260 _aWilliam :
_bEdward Elgar Publishing,
_c2023.
300 _axix, 231p.
490 _aIn a Turbulent Era
700 _aAlberola, Enrique ed.
_91132561
942 _cTEXL
_2CC
999 _c1715131
_d1715131